|
|
|
|
| LEADER |
00887cam a2200241 7i4500 |
| 001 |
0000036528 |
| 005 |
20210215090000.0 |
| 007 |
##ta |
| 008 |
210215s2020 lu a bs i000 0 eng d |
| 020 |
# |
# |
|a 9789276157045
|
| 040 |
# |
# |
|a MATR
|
| 090 |
0 |
0 |
|a EURO 337.142
|b EUR
|
| 245 |
0 |
4 |
|a The EU in the world :
|b 2020 edition
|c Statistical Office of the European Communities.
|
| 264 |
# |
1 |
|a Luxembourg:
|b Publications Office of the European Union,
|c 2020.
|
| 300 |
# |
# |
|a 149 pages:
|b illustrations;
|c 28 cm.
|
| 336 |
# |
# |
|a text
|2 rdacontent
|
| 337 |
# |
# |
|a unmediated
|2 rdamedia
|
| 338 |
# |
# |
|a volume
|2 rdacarrier
|
| 651 |
# |
0 |
|a European Union countries
|
| 651 |
# |
0 |
|a European Union countries --
|x Economic conditions
|
| 651 |
# |
0 |
|a European Union countries --
|x Social conditions
|
| 710 |
2 |
# |
|a Statistical Office of the European Communities
|
| 999 |
|
|
|a 0000041188
|b Book
|c Regions
|e Business Information Centre
|